| 000 | 00957cab a2200289 4500 | ||
|---|---|---|---|
| 001 | ABS46320 | ||
| 008 | 090401t1992 xxu||||| |||| 00| 0 eng d | ||
| 035 | _a(Sirsi) u57780 | ||
| 041 | _aeng | ||
| 100 | _aO`Connor, P. | ||
| 245 | _aAlternative dispute resolution: panacea or placebo? | ||
| 260 | _c1992 | ||
| 350 | _a0 | ||
| 490 |
_aArbitration _v58(2) May 1992, 107-115(5) |
||
| 520 | _aTraces the development of ADR as an option, its advantages and disadvantages over litigation, the various methods used, and its adoption by the UK building industry. | ||
| 650 | _aACAS | ||
| 650 | _aALTERNATIVE DISPUTE RESOLUTION | ||
| 650 | _aAMIABLE COMPOSITION | ||
| 650 | _aCONCILIATION | ||
| 650 | _aCONCILIO-ARB | ||
| 650 | _aMEDI-ARB | ||
| 650 | _aMEDIATION | ||
| 650 | _aMINI TRIAL | ||
| 690 | _aMANAGEMENT-DISPUTE AVOIDANCE, MANAGEMENT AND RESOLUTION-DISPUTE MANAGEMENT AND RESOLUTION-ARBITRATION | ||
| 942 | _n0 | ||
| 948 | _c04/03/1997 | ||
| 999 |
_c35271 _d35271 |
||